000
00342nam a2200145Ia 4500
003
OSt
005
20240302125526.0
008
170524s9999 xx 000 0 und d
020
_a
978-8189161514
040
_c
iimtu meerut
100
_a
SINGH B R
245
0
_a
Public Relation Association
260
_b
New Delhi : Adhiyaya
942
_2
ddc
_c
02
999
_c
9474
_d
9474